Fr. Conceicao Rodrigues College of Engineering

Data Structures :A pseudocode approach with C (Record no. 24555)

MARC details
000 -LEADER
fixed length control field 00335nam a2200133Ia 4500
082 ## - DEWEY DECIMAL CLASSIFICATION NUMBER
Classification number 5.72
Item number GIL
100 ## - MAIN ENTRY--PERSONAL NAME
Personal name Gilberg/Richard F/ Forouzan/ Behrouz/ A
245 ## - TITLE STATEMENT
Title Data Structures :A pseudocode approach with C
260 ## - PUBLICATION, DISTRIBUTION, ETC.
Name of publisher, distributor, etc. Thomsan Learning
Date of publication, distribution, etc. 2002
300 ## - PHYSICAL DESCRIPTION
Extent 671
546 ## - LANGUAGE NOTE
Language note ENGLISH
654 ## - SUBJECT ADDED ENTRY--FACETED TOPICAL TERMS
Focus term Data structures
942 ## - ADDED ENTRY ELEMENTS (KOHA)
Koha item type BOOK
Holdings
Withdrawn status Lost status Damaged status Not for loan Collection Home library Current library Date acquired Total Checkouts Full call number Barcode Date last seen Date last checked out Price effective from Koha item type Total Renewals
        CRC Fr. Agnel's C.Rodrigues College of Engineering AGNEL TECHNICAL COLLEGE LIBRARY 17/03/2023 1 5.72 GIL 13178 14/08/2023 01/08/2023 17/03/2023 BOOK  
        CRC Fr. Agnel's C.Rodrigues College of Engineering AGNEL TECHNICAL COLLEGE LIBRARY 17/03/2023 1 5.72 GIL 13179 08/09/2025 22/07/2025 17/03/2023 BOOK 1